000 00567nam a22001817a 4500
003 OSt
005 20181101105756.0
008 180307b xxu||||| |||| 00| 0 spa d
040 _cPJ
100 _9612
_aMoisset de Espanés, Luis
245 1 0 _aSistema registral inmobiliario :
_bArgentina-Paraguay /
260 _aBuenos Aires :
505 _aContenido: Primera parte : Argentina -- Segunda parte: Paraguay.
650 0 _9352
_aDERECHO CIVIL
650 0 _91821
_aDERECHOS REALES
700 _92226
_aVaccarelli, Horacio
942 _2udc
_cLIB
_h347.235
_iMOI
999 _c1484
_d1484